Multiple Choice City Quiz - Poznań - Statistics

General Stats
  • This quiz has been taken 36 times
    32 since last reset
  • The average score is 8 of 10
Answer Stats
Question Answer % Correct
Which of the following rivers flows through Poznań? Warta
96%
Which football club from Poznań has won the Polish Championship title seven times? Lech
93%
What historical region is Poznań the capital of? Greater Poland
89%
What is the name of the famous Poznań pastry made of yeast dough and crumble? St. Martin's croissant
82%
Which person’s name was given to the university that had the largest number of students in 2015? (According to Wikipedia) Adam Mickiewicz
75%
Which of the following things located in Poznań is the oldest in Poland? Cathedral
75%
What is the name of the district in Poznań where the city's only international airport is located? Ławica
75%
What is the name of the only remaining island of the many once located in Poznań's main river? Ostrów Tumski
71%
Which district of Poznań is known for the Poznań International Fair? Łazarz
57%
Which of the following Polish rulers was buried in Poznań? Bolesław I the Brave
43%
No matching quizzes found
Score Distribution
Percent of People with Each Score
Percentile by Number Answered
Your Score History
You have not taken this quiz since the last reset